| 000 | 01129nam a2200325 i 4500 | ||
|---|---|---|---|
| 001 | 000003176 | ||
| 003 | DO-SdBNP | ||
| 005 | 20251204131909.0 | ||
| 007 | ta | ||
| 008 | 090707s2006 dr 001 0 spa d | ||
| 040 |
_aDO-SdBNP _bspa _cBNPHU _erda |
||
| 041 | _aspa | ||
| 082 | 1 |
_a344.729301 _bA345g 20006 _222 |
|
| 100 | 1 |
_aAlburquerque, Rafael _eautor _4aut. _97243 |
|
| 245 | 1 | 0 |
_aGuía de los derechos de los trabajadores / _cRafael Alburquerque. |
| 250 | _a11a edición | ||
| 264 |
_aSanto Domingo, República Dominicana : _bSecretaría de Estado de Trabajo, _c2006. |
||
| 300 |
_a101 páginas ; _c18 cm. |
||
| 336 |
_atexto _btxt _2rdacontent |
||
| 337 |
_asin mediación _bn _2rdamedia |
||
| 338 |
_avolumen _bnc _2rdacarrier |
||
| 500 | _aIncluye índice. | ||
| 500 | _aEn la contraportada del libro dice que es una 13va. edición del 2007. | ||
| 590 | _aInventariado, 2018/VM | ||
| 650 | 4 |
_aReglamentos de trabajo _zRepública Dominicana _910030 |
|
| 650 | 0 |
_aDerecho laboral _x _976950 |
|
| 650 | 4 |
_aDerechos de los empleados _910032 |
|
| 910 | _aValidado. Control de calidad MFF | ||
| 942 |
_2ddc _cLBS1 |
||
| 999 |
_c3007 _d3007 |
||